| 000 | 00715nam a2200241 i 4500 | ||
|---|---|---|---|
| 001 | 106143 | ||
| 003 | ES-MaACL | ||
| 005 | 20250727033926.0 | ||
| 007 | t| | ||
| 008 | 061003s1964 it ||||1| ita d | ||
| 080 | _a330.852 | ||
| 080 | _a330.84/.86 | ||
| 100 | 1 |
_aDemaitre, Edmund. _943612 |
|
| 245 | 1 | 3 |
_aLa crisi del marxismo _b: socialismo si comunismo no / _cEdmund Demaitre, Pier Carlo Masini. |
| 260 |
_aMilano : _bAzione Comune, _c[1964] |
||
| 300 |
_a67 p. ; _c21 cm. |
||
| 500 | _aBiblioteca Juan Andrade. | ||
| 650 | 1 | 4 |
_aMarxismo. _914803 |
| 650 | 7 |
_aComunismo _2embne _911211 |
|
| 700 | 1 |
_aMasini, Pier Carlo. _978726 |
|
| 852 |
_aES-MaACL _jAND-Fol-12 _bR.110291 |
||
| 999 |
_c106143 _d106143 |
||